<?xml version="1.0" encoding="UTF-8"?>
<record
    xmlns:xsi="http://www.w3.org/2001/XMLSchema-instance"
    xsi:schemaLocation="http://www.loc.gov/MARC21/slim http://www.loc.gov/standards/marcxml/schema/MARC21slim.xsd"
    xmlns="http://www.loc.gov/MARC21/slim">

  <leader>01626njm a2200349Ia 4500</leader>
  <controlfield tag="001">73783</controlfield>
  <controlfield tag="003">IT-RoPAU</controlfield>
  <controlfield tag="005">20220918181109.0</controlfield>
  <controlfield tag="008">131025s9999    xx            000 0 und d</controlfield>
  <datafield tag="040" ind1=" " ind2=" ">
    <subfield code="a">IT-RoPAU</subfield>
  </datafield>
  <datafield tag="040" ind1=" " ind2=" ">
    <subfield code="c">IT-RoPAU</subfield>
  </datafield>
  <datafield tag="041" ind1=" " ind2=" ">
    <subfield code="a">INGLESE</subfield>
  </datafield>
  <datafield tag="999" ind1=" " ind2=" ">
    <subfield code="c">98867</subfield>
    <subfield code="d">98867</subfield>
  </datafield>
  <datafield tag="999" ind1=" " ind2=" ">
    <subfield code="b">n.d.</subfield>
  </datafield>
  <datafield tag="100" ind1=" " ind2=" ">
    <subfield code="a">King Mark</subfield>
    <subfield code="9">25179</subfield>
  </datafield>
  <datafield tag="100" ind1=" " ind2=" ">
    <subfield code="e">Autore musica</subfield>
    <subfield code="9">25180</subfield>
  </datafield>
  <datafield tag="100" ind1=" " ind2=" ">
    <subfield code="g">Codice autore musica SPICS: 20338</subfield>
    <subfield code="9">25181</subfield>
  </datafield>
  <datafield tag="245" ind1=" " ind2=" ">
    <subfield code="a">Staring At The Sun (Lp 837 247)</subfield>
  </datafield>
  <datafield tag="250" ind1=" " ind2=" ">
    <subfield code="a">1a ed.</subfield>
  </datafield>
  <datafield tag="260" ind1=" " ind2=" ">
    <subfield code="a">GERMANY</subfield>
  </datafield>
  <datafield tag="260" ind1=" " ind2=" ">
    <subfield code="b">POLYDOR</subfield>
    <subfield code="c">1988 [1a Ed.:1988 - Ed. Lingua Orig.: 1988]</subfield>
  </datafield>
  <datafield tag="300" ind1=" " ind2=" ">
    <subfield code="a">DISCO</subfield>
  </datafield>
  <datafield tag="500" ind1=" " ind2=" ">
    <subfield code="a">Musica rock</subfield>
  </datafield>
  <datafield tag="505" ind1=" " ind2=" ">
    <subfield code="a">Heaven In My Hands - I Don't Know Why - Take A Look - Over There - Silence - Tracie - Staring At the Sun - Two Hearts Collide - Man</subfield>
  </datafield>
  <datafield tag="650" ind1=" " ind2=" ">
    <subfield code="a">ROCK [DISCHI]</subfield>
    <subfield code="e">Codice MATERIA SPICS: 9950</subfield>
    <subfield code="9">1088</subfield>
  </datafield>
  <datafield tag="700" ind1=" " ind2=" ">
    <subfield code="a">Level 42 </subfield>
    <subfield code="g">Codice interprete SPICS: 10073</subfield>
    <subfield code="e">Interprete</subfield>
    <subfield code="9">25182</subfield>
  </datafield>
  <datafield tag="700" ind1=" " ind2=" ">
    <subfield code="a">King Mark</subfield>
    <subfield code="g">Codice autore musica SPICS: 20338</subfield>
    <subfield code="e">Autore musica</subfield>
    <subfield code="p">Heaven In My Hands - I Don't Know Why - Take A Look - Over There - Tracie - Staring At the Sun - Two Hearts Collide - Man</subfield>
    <subfield code="9">25183</subfield>
  </datafield>
  <datafield tag="700" ind1=" " ind2=" ">
    <subfield code="a">Gould R.</subfield>
    <subfield code="g">Codice autore SPICS: 20336</subfield>
    <subfield code="e">Autore</subfield>
    <subfield code="p">Heaven In My Hands - I Don't Know Why - Take A Look - Staring At the Sun - Two Hearts Collide - Man</subfield>
    <subfield code="9">25184</subfield>
  </datafield>
  <datafield tag="700" ind1=" " ind2=" ">
    <subfield code="a">Badarou Wally</subfield>
    <subfield code="g">Codice autore testo/musica SPICS: 20335</subfield>
    <subfield code="e">Autore testo/musica</subfield>
    <subfield code="p">Take A Look - Staring At the Sun - Man</subfield>
    <subfield code="9">25185</subfield>
  </datafield>
  <datafield tag="700" ind1=" " ind2=" ">
    <subfield code="a">Lindup Mike</subfield>
    <subfield code="g">Codice autore musica SPICS: 20337</subfield>
    <subfield code="e">Autore musica</subfield>
    <subfield code="p">Over There - Silence</subfield>
    <subfield code="9">25186</subfield>
  </datafield>
  <datafield tag="700" ind1=" " ind2=" ">
    <subfield code="a">Husband Gary</subfield>
    <subfield code="g">Codice autore SPICS: 25665</subfield>
    <subfield code="e">Autore</subfield>
    <subfield code="p">Tracie</subfield>
    <subfield code="9">25187</subfield>
  </datafield>
  <datafield tag="942" ind1=" " ind2=" ">
    <subfield code="c">MD</subfield>
    <subfield code="2">ddc</subfield>
  </datafield>
  <datafield tag="952" ind1=" " ind2=" ">
    <subfield code="0">0</subfield>
    <subfield code="1">0</subfield>
    <subfield code="4">0</subfield>
    <subfield code="6">73783_000000000000000</subfield>
    <subfield code="7">1</subfield>
    <subfield code="a">SPICS</subfield>
    <subfield code="b">SPICS</subfield>
    <subfield code="d">2013-10-25</subfield>
    <subfield code="l">0</subfield>
    <subfield code="o">73783</subfield>
    <subfield code="r">2013-10-25 00:00:00</subfield>
    <subfield code="w">2013-10-25</subfield>
    <subfield code="y">MD</subfield>
    <subfield code="z">Progr. Ins.: 17848 / N.Vol.: 1 / Copie: 1 - Copia rara: n.d. / date import: 01.01.2014 - By Epidotti, Trombetti, Vaglietti</subfield>
  </datafield>
</record>
